| 000 | 01171nam0a2200325 4500 | ||
|---|---|---|---|
| 001 | RU\NLR\bibl\1205417 | ||
| 005 | 20250615103202.0 | ||
| 010 |
_a978-5-94423-128-4 _91000 |
||
| 021 |
_aRU _b2008-5123 _9275 |
||
| 035 | _a(NLR Aleph) 001191884 | ||
| 090 |
_a1722507 _c1722507 |
||
| 100 | _a20080326d2007 |||y0rusy50 ca | ||
| 101 | 0 |
_arus _abak |
|
| 102 | _aRU | ||
| 105 | _aa ||||||||| | ||
| 200 | 1 |
_aСело Таймас ("Особый удел" Бурзянской волости) _fУльфат Кубагушев |
|
| 210 |
_aУфа _cДизайнПолиграфСервис _d2007 |
||
| 215 |
_a207 с. _cил., цв. ил., портр., карт. _d30 |
||
| 300 | _aПарал. тит. л. и обл. на башк. яз. | ||
| 300 | _aТекст на рус., башк. яз. | ||
| 606 | 1 |
_aНаселенные места _xИстория _yБашкирия _92514579 _3RU\NLR\auth\661490456 |
|
| 686 | _aТ3(2Р-6Б) | ||
| 700 | 1 |
_aКубагушев _bУ. _gУльфат _4070 |
|
| 801 | 0 |
_aRU _bNLR _c20080326 _gRCR |
|
| 801 | 1 |
_aRU _bNLR _c20080326 |
|
| 852 |
_aNLR _bОНЛ _jБашк./5-163 |
||
| 942 | _cBOOK | ||
| 980 | _aNB | ||